00796cam a2200217 4500001000500000005001700005008003900022010001600061020001500077100002700092245003600119260003100155300003400186500002000220504003000240520011200270650001300382651004800395999001500443952012000458289020181127170006.0990224s1998 caua b s001 0 eng a 99177015 a00992863861 aDalby, Liza Crihfield.10aGeisha /cLiza Crihfield Dalby. aLondon :bVintage, c2000. axix, 347 p. :bill. ;c21 cm. aIncludes index. aBibliography: p. 337-339. aDiscusses the geisha--practitioners of music and dance and unmarried companions to the Japanese male elite 0aGeishas. aJapan -- Social life and customs.vxyz2 c2318d2318 00102ddc40708MAINaRTCLIBbRTCLIBcMAINh i5154l0o792.7 DALp30003506r2018-11-27 00:00:00w2018-11-27yMAIN